[Event "Monte Carlo MNC"]
[Site "?"]
[Date "2006.03.20"]
[Round "3"]
[White "Svidler Peter"]
[Black "Gelfand Boris"]
[Result "0-1"]
[WhiteElo "2765"]
[BlackElo "2723"]
[PlyCount "104"]
[EventDate "2006.??.??"]
[Source "www.chesslib.no"]
[SourceDate "2004.05.04"]

1. c4 Nf6 2. Nc3 e5 3. Nf3 Nc6 4. g3 Bb4 5. Nd5 Bc5 6. Bg2 d6 7. O-O O-O 8. e3 a6 9. d4 Ba7 10. Nc3 h6 11. h3 Bf5 12. a3 Ne4 13. Ne2 Bh7 14. b4 exd4 15. exd4 Ne7 16. Nf4 Nf5 17. Bb2 c6 18. Re1 Re8 19. Re2 Ng5 20. Rxe8+ Qxe8 21. Qd2 Qd7 22. Re1 Re8 23. Rxe8+ Qxe8 24. Nxg5 hxg5 25. Ne2 f6 26. Bf3 Ne7 27. d5 cxd5 28. cxd5 Ng6 29. Bd4 Ne5 30. Bg2 Nc4 31. Qc3 Qxe2 32. Bxa7 Be4 33. Qd4 Bxg2 34. Kxg2 Nxa3 35. Qb6 Qe7 36. Qe3 Qxe3 37. Bxe3 Nc2 38. Bd2 Nd4 39. f4 gxf4 40. Bxf4 Nb5 41. Kf3 Kf7 42. Bd2 f5 43. Kf4 Kf6 44. g4 g5+ 45. Kf3 Nc7 46. Ke3 Nxd5+ 47. Kd4 Nf4 48. h4 Ne6+ 49. Kd5 gxh4 50. Bc3+ Kf7 51. gxf5 Nf4+ 52. Ke4 h3 0-1

[Event "ct"]
[Site "Moscow RUS"]
[Date "1974.??.??"]
[Round "9"]
[White "Korchnoi, Viktor L"]
[Black "Karpov, Anatoly"]
[Result "1/2-1/2"]
[WhiteElo "2670"]
[BlackElo "2775"]
[PlyCount "81"]
[EventDate "1974.??.??"]
[Source "www.chesslib.no"]
[SourceDate "2004.05.04"]

1. c4 Nf6 2. Nc3 e5 3. Nf3 Nc6 4. g3 Bb4 5. Bg2 O-O 6. O-O e4 7. Ne1 Bxc3 8. dxc3 h6 9. Nc2 b6 10. Ne3 Bb7 11. Nd5 Ne5 12. b3 Re8 13. a4 d6 14. Ra2 Ned7 15. h3 a5 16. Be3 Nxd5 17. cxd5 Qf6 18. c4 Qg6 19. Qb1 Bc8 20. Bd4 Nc5 21. Kh2 Bd7 22. Rg1 h5 23. Rb2 Re7 24. Qc1 Qf5 25. Qe3 f6 26. Rc2 Kf7 27. Rc3 Rae8 28. Rf1 Kg8 29. Qc1 Qg5 30. Qxg5 fxg5 31. Re3 Kh7 32. Rh1 Kg6 33. Kg1 Na6 34. Kh2 Nb4 35. Rc1 g4 36. h4 Bf5 37. Kg1 Kh7 38. Kf1 Rf7 39. Bh1 Kg8 40. Bg2 Kh7 41. Bh1 1/2-1/2

[Event "WM Sevilla"]
[Site "?"]
[Date "1987.??.??"]
[Round "4"]
[White "Kasparov, Gary"]
[Black "Karpov, Anatoly"]
[Result "1-0"]
[WhiteElo "2735"]
[BlackElo "2710"]
[PlyCount "89"]
[EventDate "1987.??.??"]
[Source "www.chesslib.no"]
[SourceDate "2004.05.04"]

1. c4 Nf6 2. Nc3 e5 3. Nf3 Nc6 4. g3 Bb4 5. Bg2 O-O 6. O-O e4 7. Ng5 Bxc3 8. bxc3 Re8 9. f3 exf3 10. Nxf3 Qe7 11. e3 Ne5 12. Nd4 Nd3 13. Qe2 Nxc1 14. Raxc1 d6 15. Rf4 c6 16. Rcf1 Qe5 17. Qd3 Bd7 18. Nf5 Bxf5 19. Rxf5 Qe6 20. Qd4 Re7 21. Qh4 Nd7 22. Bh3 Nf8 23. R5f3 Qe5 24. d4 Qe4 25. Qxe4 Rxe4 26. Rxf7 Rxe3 27. d5 Rae8 28. Rxb7 cxd5 29. cxd5 R3e7 30. Rfb1 h5 31. a4 g5 32. Bf5 Kg7 33. a5 Kf6 34. Bd3 Rxb7 35. Rxb7 Re3 36. Bb5 Rxc3 37. Rxa7 Ng6 38. Rd7 Ne5 39. Rxd6+ Kf5 40. a6 Ra3 41. Rd8 Ra2 42. Rf8+ Ke4 43. d6 Nf3+ 44. Rxf3 Kxf3 45. Bc6+ 1-0

[Event "Ch World (match)"]
[Site "Ch World (match)"]
[Date "1987.??.??"]
[Round "16"]
[White "Kasparov, Gary"]
[Black "Karpov, Anatoly"]
[Result "0-1"]
[WhiteElo "2735"]
[BlackElo "2710"]
[PlyCount "45"]
[EventDate "1987.??.??"]
[Source "www.chesslib.no"]
[SourceDate "2004.05.04"]

1. c4 e5 2. Nc3 Nf6 3. Nf3 Nc6 4. g3 Bb4 5. Bg2 O-O 6. O-O Re8 7. d3 Bxc3 8. bxc3 e4 9. Nd4 h6 10. dxe4 Nxe4 11. Qc2 d5 12. cxd5 Qxd5 13. e3 Na5 14. f3 Nd6 15. e4 Qc5 16. Be3 Ndc4 17. Bf2 Qe7 18. Rad1 Rd8 19. Qe2 Rxd4 20. Qb2 b6 21. Qc2 Nd6 22. Qb2 Qe5 23. a3 0-1

[Event "It"]
[Site "It Monaco"]
[Date "1992.??.??"]
[Round "?"]
[White "Ivanchuk, Vassily"]
[Black "Anand, Viswanathan"]
[Result "1/2-1/2"]
[WhiteElo "2720"]
[BlackElo "2670"]
[PlyCount "160"]
[EventDate "1992.??.??"]
[Source "www.chesslib.no"]
[SourceDate "2004.05.04"]

1. c4 Nf6 2. Nc3 e5 3. Nf3 Nc6 4. g3 Bb4 5. Bg2 O-O 6. O-O e4 7. Ng5 Bxc3 8. bxc3 Re8 9. f3 exf3 10. Nxf3 d6 11. d3 h6 12. Nh4 Ne5 13. e4 c5 14. Rb1 Rb8 15. h3 a6 16. a4 Bd7 17. Nf5 Bxf5 18. Rxf5 Re6 19. Qc2 Nfd7 20. Be3 Qa5 21. Kh2 Rf6 22. g4 Re6 23. Bf1 Nf6 24. Be2 Qc7 25. Kg2 Rbe8 26. Bf2 Nfd7 27. Bg3 R6e7 28. Qb3 b6 29. Rff1 Nc6 30. Qc2 Re6 31. Kh2 Rg6 32. Qd2 Nce5 33. Rf5 Rge6 34. Rbf1 R8e7 35. Qa2 Nc6 36. Bh4 f6 37. Bg3 Nde5 38. Rb1 Re8 39. Qb3 Rb8 40. Qd1 Nf7 41. Rf2 Nce5 42. Qc2 Ng5 43. h4 Ngf7 44. d4 Nd7 45. Bd3 Rbe8 46. Rbf1 Nb8 47. Qe2 Nd7 48. Qf3 Nf8 49. Qf5 Qd7 50. Bc2 Rc8 51. Qd5 Re7 52. g5 hxg5 53. hxg5 fxg5 54. Bd1 Qe6 55. Qxe6 Nxe6 56. Bh5 Ned8 57. Bg6 cxd4 58. Bxd6 Re6 59. Rxf7 Rxg6 60. Rf8+ Kh7 61. Be7 dxc3 62. Rxd8 Rxc4 63. Rc1 Rxe4 64. Bd6 Rd4 65. Bc7 Rc4 66. Be5 c2 67. Rd2 Re6 68. Bb2 Rxa4 69. Rcxc2 Kg6 70. Rg2 Rh4+ 71. Kg1 a5 72. Bc1 Re5 73. Rc6+ Kh5 74. Bd2 b5 75. Bxa5 b4 76. Bc7 Rd5 77. Rb6 Rc4 78. Bg3 Rc1+ 79. Kh2 Rc4 80. Kg1 Rc1+ 1/2-1/2

[Event "France 81/14"]
[Site "?"]
[Date "2001.??.??"]
[Round "?"]
[White "Georgiev, Ki"]
[Black "Gurevich, M."]
[Result "1-0"]
[WhiteElo "2676"]
[BlackElo "2694"]
[PlyCount "67"]
[EventDate "2001.??.??"]
[Source "Chess Informant"]
[SourceDate "2001.02.01"]

1. c4 e5 2. g3 Nf6 3. Bg2 d5 4. cxd5 Nxd5 5. Nc3 Nb6 6. Nf3 Nc6 7. O-O Be7 8. a3 O-O 9. b4 Be6 10. Rb1 f6 11. d3 a5 12. b5 Nd4 13. Nd2 Qc8 14. e3 Nf5 15. a4 Rd8 16. Qc2 Rb8 17. Rd1 c6 18. bxc6 bxc6 19. Nce4 Nd5 20. Nb3 Nb4 21. Qe2 c5 22. Bd2 Rxd3 23. Nxa5 Qd7 24. Rdc1 Ra3 25. Rxc5 Qxa4 26. Qe1 Bxc5 27. Nxc5 Qxa5 28. Nxe6 Ra4 29. Bc6 Ra2 30. Bxb4 Qb6 31. Bd5 Ra5 32. Nc5+ Kh8 33. Nd7 Qa7 34. Bxa5 1-0

[Event "EuTCh, Leon ESP"]
[Site "?"]
[Date "2001.??.??"]
[Round "5"]
[White "Bacrot, E."]
[Black "Van Wely, L."]
[Result "1/2-1/2"]
[WhiteElo "2650"]
[BlackElo "2710"]
[PlyCount "55"]
[EventDate "2001.??.??"]
[Source "www.chesslib.no"]
[SourceDate "2004.05.04"]

1. c4 e5 2. Nc3 Nf6 3. Nf3 Nc6 4. g3 Nd4 5. Bg2 Nxf3+ 6. Bxf3 Bb4 7. O-O O-O 8. d3 h6 9. Qc2 c6 10. a3 Be7 11. e4 d6 12. Bg2 a6 13. h3 b5 14. Be3 Be6 15. cxb5 axb5 16. d4 Qb8 17. d5 cxd5 18. exd5 Bd7 19. Na2 Rc8 20. Qb3 Rc4 21. Rfc1 Bd8 22. Nb4 Ba5 23. Nc6 Bxc6 24. dxc6 d5 25. Bf1 Rxc1 26. Bxc1 Bb6 27. Bxb5 Qa7 28. Be3 1/2-1/2

[Event "Dos Hermanas"]
[Site "?"]
[Date "1995.??.??"]
[Round "?"]
[White "Karpov, An"]
[Black "Illescas Cordoba, M."]
[Result "1/2-1/2"]
[WhiteElo "2765"]
[BlackElo "2595"]
[PlyCount "107"]
[EventDate "1995.??.??"]
[Source "ChessBase"]
[SourceDate "1995.02.01"]

1. c4 Nf6 2. Nc3 e5 3. Nf3 Nc6 4. g3 Bc5 5. Bg2 d6 6. O-O O-O 7. d3 h6 8. e3 a6 9. h3 Ba7 10. Kh2 Be6 11. b3 d5 12. Ba3 Re8 13. cxd5 Nxd5 14. Rc1 Nxc3 15. Rxc3 Bd5 16. Qc2 Bb6 17. Rc1 Qf6 18. Ne1 Bxg2 19. Kxg2 Rad8 20. Rc4 Qe6 21. Qe2 Rd5 22. Bc5 Red8 23. b4 Bxc5 24. bxc5 Ne7 25. Qb2 b5 26. cxb6 cxb6 27. a4 b5 28. axb5 Rxb5 29. Qa3 Rdb8 30. e4 Rb3 31. Qa5 Rb2 32. R1c2 R2b5 33. Qa4 Rb1 34. Qa5 Kh7 35. Nf3 R1b5 36. Qa2 Rb3 37. R4c3 Ng6 38. Qa4 Rxc3 39. Rxc3 Rc8 40. Rb3 f6 41. Rb7 Rd8 42. Ne1 Rd6 43. Rc7 Nf8 44. Qc2 Rd7 45. Rc8 Ng6 46. Ra8 Rd6 47. Qa4 Rb6 48. Qa3 Qc6 49. Rd8 Qc7 50. Re8 Qd7 51. Ra8 Qb7 52. Re8 Qd7 53. Ra8 Qb7 54. Re8 1/2-1/2

[Event "Horgen"]
[Site "?"]
[Date "1995.??.??"]
[Round "?"]
[White "Gulko, B."]
[Black "Ivanchuk, V."]
[Result "1/2-1/2"]
[WhiteElo "2620"]
[BlackElo "2740"]
[PlyCount "58"]
[EventDate "1995.??.??"]
[Source "ChessBase"]
[SourceDate "1995.10.01"]

1. c4 Nf6 2. Nc3 e5 3. Nf3 Nc6 4. g3 Bb4 5. Bg2 O-O 6. O-O e4 7. Ng5 Bxc3 8. bxc3 Re8 9. f3 e3 10. d3 d5 11. cxd5 Nxd5 12. Qb3 Na5 13. Qa3 b6 14. f4 Bb7 15. Bb2 c5 16. c4 Nb4 17. Qc3 f6 18. Bxb7 Nxb7 19. Nf3 Nd6 20. g4 Nc6 21. Kh1 Qd7 22. Rg1 Qb7 23. g5 Nd4 24. gxf6 g6 25. Rg2 N6f5 26. Ng5 Rf8 27. f7+ Rxf7 28. Nxf7 Kxf7 29. Qe1 Nc2 1/2-1/2

[Event "Corr"]
[Site "?"]
[Date "2002.01.15"]
[Round "?"]
[White "Tarnowiecki Harald"]
[Black "Bang Erik (DEN)"]
[Result "1-0"]
[WhiteElo "2692"]
[BlackElo "2658"]
[PlyCount "57"]
[EventDate "2002.??.??"]
[Source "www.chesslib.no"]
[SourceDate "2004.05.04"]

1. c4 Nf6 2. Nc3 e5 3. Nf3 Nc6 4. g3 Bb4 5. Bg2 O-O 6. O-O Re8 7. Nd5 Nxd5 8. cxd5 Nd4 9. Nxd4 exd4 10. e3 Bc5 11. b3 d6 12. Qc2 dxe3 13. fxe3 Qg5 14. Rf4 Bd7 15. Bb2 c6 16. Raf1 Re7 17. dxc6 bxc6 18. Be4 h6 19. Bh7+ Kf8 20. Bf5 Kg8 21. Bxd7 Rxd7 22. b4 Bb6 23. Qxc6 Rad8 24. Qf3 f5 25. Rxf5 Qg6 26. Qd5+ Kh7 27. Rf8 Rxf8 28. Rxf8 Qb1+ 29. Kg2 1-0

[Event "Elista (ol) 73/37"]
[Site "?"]
[Date "1998.??.??"]
[Round "?"]
[White "Georgiev, Kiril"]
[Black "Rublevsky, Sergei"]
[Result "1/2-1/2"]
[WhiteElo "2660"]
[BlackElo "2685"]
[PlyCount "91"]
[EventDate "1998.??.??"]
[Source "ChessBase"]
[SourceDate "1998.06.01"]

1. c4 e5 2. g3 Nf6 3. Bg2 d5 4. cxd5 Nxd5 5. Nc3 Nb6 6. Nf3 Nc6 7. O-O Be7 8. a3 O-O 9. b4 Be6 10. Rb1 f6 11. d3 a5 12. b5 Nd4 13. Nd2 Bd5 14. Nxd5 Nxd5 15. Ne4 f5 16. e3 fxe4 17. exd4 exd4 18. Bxe4 Nc3 19. Qb3+ Kh8 20. Bxb7 Rb8 21. Be4 a4 22. Qc2 Nxb1 23. Qxb1 Qd7 24. Qc2 Qxb5 25. Qxc7 Rfe8 26. Qf4 Qh5 27. Bc6 Rf8 28. Qe4 Qg6 29. Qxg6 hxg6 30. Bxa4 Rb1 31. Bf4 Rxf1+ 32. Kxf1 Rxf4 33. gxf4 Bxa3 34. Kg2 Kg8 35. Be8 Kf8 36. Bxg6 Ke7 37. Kf3 Kf6 38. Be4 Bb2 39. h4 Bc3 40. h5 Bb2 41. Bg6 Bc3 42. Ke4 Bb2 43. f5 Bc3 44. f4 Bb2 45. Kd5 Bc3 46. Ke4 1/2-1/2

[Event "Tilburg"]
[Site "?"]
[Date "1990.??.??"]
[Round "?"]
[White "Ivanchuk, V."]
[Black "Timman, J."]
[Result "1-0"]
[WhiteElo "2680"]
[BlackElo "2660"]
[PlyCount "113"]
[EventDate "1990.??.??"]
[Source "ChessBase"]
[SourceDate "1990.07.01"]

1. c4 e5 2. g3 Nf6 3. Bg2 d5 4. cxd5 Nxd5 5. Nf3 Nc6 6. O-O Nb6 7. Nc3 Be7 8. a3 O-O 9. b4 Be6 10. Rb1 f6 11. d3 Qe8 12. Nd2 Qf7 13. Nb3 Rab8 14. Qc2 Rfd8 15. Bxc6 bxc6 16. Na5 Qe8 17. Bd2 f5 18. Rfc1 Rd6 19. b5 Qh5 20. Nxc6 Re8 21. Nxe7+ Rxe7 22. f3 g5 23. Rf1 g4 24. f4 e4 25. dxe4 Nc4 26. Bc1 fxe4 27. f5 Bxf5 28. Qa4 Nb6 29. Qxa7 e3 30. Rb4 Rh6 31. h4 gxh3 32. Rbf4 h2+ 33. Kh1 Bh3 34. Qb8+ Re8 35. Rf8+ Kg7 36. Qxc7+ Nd7 37. R1f7+ Qxf7 38. Rxf7+ Kxf7 39. Qf4+ Kg6 40. Kxh2 Rh5 41. Qd6+ Nf6 42. Kg1 Rf5 43. Qd3 Kh5 44. g4+ Kxg4 45. Bxe3 Rg8 46. Kh2 Kh4 47. Bg5+ Kxg5 48. Kxh3 Nh5 49. Nd5 Rg6 50. Qe3+ Nf4+ 51. Nxf4 Rxf4 52. b6 Kf5 53. Qc5+ Ke4 54. Qe7+ Kf5 55. Qxh7 Re4 56. b7 Re3+ 57. Kh4 1-0

[Event "Tilburg"]
[Site "?"]
[Date "1991.??.??"]
[Round "?"]
[White "Kortchnoi, V."]
[Black "Karpov, An"]
[Result "0-1"]
[WhiteElo "2610"]
[BlackElo "2730"]
[PlyCount "78"]
[EventDate "1991.??.??"]
[Source "ChessBase"]
[SourceDate "1991.10.01"]

1. c4 e5 2. Nc3 Nf6 3. Nf3 Nc6 4. g3 Bb4 5. Nd5 Bc5 6. Bg2 O-O 7. d3 h6 8. a3 a5 9. Bd2 d6 10. b4 axb4 11. axb4 Rxa1 12. Qxa1 Nxd5 13. bxc5 Ndb4 14. Bxb4 Nxb4 15. O-O e4 16. dxe4 dxc5 17. Rd1 Qe7 18. Qe5 Be6 19. Nh4 Nc6 20. Qb2 Rd8 21. Rc1 b6 22. Nf5 Bxf5 23. exf5 Nd4 24. e4 Nc6 25. f4 Qd7 26. f6 Qd4+ 27. Qxd4 Nxd4 28. Ra1 gxf6 29. Ra7 c6 30. Rc7 b5 31. cxb5 c4 32. b6 c3 33. b7 c2 34. Rc8 c1=Q+ 35. Bf1 Qe3+ 36. Kg2 Qxe4+ 37. Kg1 Qe8 38. Ba6 Qe3+ 39. Kg2 Qf3+ 0-1

[Event "It"]
[Site "?"]
[Date "1980.??.??"]
[Round "6"]
[White "Huebner Robert"]
[Black "Karpov Anatoly"]
[Result "1/2-1/2"]
[WhiteElo "2600"]
[BlackElo "2725"]
[PlyCount "71"]
[EventDate "1980.??.??"]
[Source "www.chesslib.no"]
[SourceDate "2004.05.04"]

1. c4 e5 2. Nc3 Nf6 3. Nf3 Nc6 4. g3 Bb4 5. Nd5 Bc5 6. Bg2 O-O 7. O-O d6 8. d3 h6 9. e3 a5 10. b3 Nxd5 11. cxd5 Ne7 12. d4 exd4 13. Nxd4 Qd7 14. Bb2 c6 15. dxc6 bxc6 16. Qc2 Bb7 17. Rfd1 Rfd8 18. Rac1 Qe8 19. a3 Qf8 20. Qc3 Bb6 21. b4 axb4 22. axb4 Rab8 23. Nb3 Ba6 24. Ra1 Be2 25. Rd2 Bg4 26. Na5 d5 27. Nb3 Bc7 28. Nc5 Bd6 29. h3 Bc8 30. Rad1 f6 31. e4 Kh8 32. f4 Qf7 33. Kh2 Be6 34. Rd4 Bxc5 35. Qxc5 Rb5 36. Qc2 1/2-1/2

[Event "Tilburg"]
[Site "?"]
[Date "1991.??.??"]
[Round "?"]
[White "Timman, J."]
[Black "Bareev, E."]
[Result "1-0"]
[WhiteElo "2630"]
[BlackElo "2680"]
[PlyCount "77"]
[EventDate "1991.??.??"]
[Source "ChessBase"]
[SourceDate "1991.10.01"]

1. c4 e5 2. Nc3 Nf6 3. Nf3 Nc6 4. g3 d5 5. cxd5 Nxd5 6. Bg2 Nb6 7. a3 Be7 8. b4 Be6 9. Rb1 f6 10. O-O O-O 11. d3 Nd4 12. Nxd4 exd4 13. Ne4 Bd5 14. Bb2 f5 15. Nd2 Bf6 16. Bxd5+ Qxd5 17. Rc1 Rf7 18. Rc5 Qe6 19. Re1 c6 20. Nf3 Nd7 21. Rc2 Qd5 22. Qa1 a5 23. Bxd4 axb4 24. Bxf6 Rxf6 25. Qb2 Rxa3 26. Qxb4 Rb3 27. Qf4 h6 28. Ra1 Kh7 29. Rca2 Nf8 30. Ra5 c5 31. Qe5 Qxe5 32. Nxe5 b6 33. Ra7 Re6 34. f4 Ng6 35. Nd7 Rd6 36. Rb7 c4 37. dxc4 Re3 38. Kf2 Re7 39. Raa7 1-0

[Event "Novgorod"]
[Site "?"]
[Date "1995.??.??"]
[Round "?"]
[White "Gulko, Boris F"]
[Black "Kramnik, Vladimir"]
[Result "0-1"]
[WhiteElo "2595"]
[BlackElo "2715"]
[PlyCount "21"]
[EventDate "1995.??.??"]
[Source "www.chesslib.no"]
[SourceDate "2004.05.04"]

1. c4 e5 2. Nc3 Nf6 3. Nf3 Nc6 4. g3 g6 5. d4 exd4 6. Rb1 Ba3 7. Nxd4 Rb8 8. Ne6 Ne5 9. Qd4 b6 10. Qf4 Qe7 11. Ng7+ 0-1

[Event "Madrid"]
[Site "?"]
[Date "1993.??.??"]
[Round "?"]
[White "Lautier, J."]
[Black "Salov, V."]
[Result "0-1"]
[WhiteElo "2645"]
[BlackElo "2660"]
[PlyCount "188"]
[EventDate "1993.??.??"]
[Source "ChessBase"]
[SourceDate "1993.06.01"]

1. c4 Nf6 2. Nc3 e5 3. Nf3 Nc6 4. g3 Nd4 5. Bg2 Nxf3+ 6. Bxf3 Bb4 7. O-O O-O 8. Bg2 Re8 9. d3 c6 10. Qb3 Bc5 11. h3 h6 12. Kh2 Bb6 13. Na4 Bc7 14. e4 Rb8 15. Nc3 a6 16. a4 d6 17. Be3 b5 18. axb5 axb5 19. cxb5 cxb5 20. Ra7 Be6 21. Qb4 Bb6 22. Ra6 Bc5 23. Bxc5 dxc5 24. Qxc5 Qxd3 25. Re1 Nd7 26. Qd6 Qxd6 27. Rxd6 Nb6 28. Bf1 Nc4 29. Rc6 Nd2 30. Bg2 Bc4 31. Ra1 Rec8 32. Rxc8+ Rxc8 33. Ra7 Nb3 34. Nd5 Rd8 35. Rc7 Nd4 36. Re7 Nc6 37. Rc7 Nd4 38. Re7 Ne6 39. b4 Kf8 40. Rb7 Nd4 41. Nb6 Be6 42. f4 exf4 43. gxf4 f5 44. Rc7 Rd6 45. Rb7 fxe4 46. Bxe4 Nf5 47. Nd5 Bxd5 48. Rb8+ Ke7 49. Bxf5 Bc6 50. Rc8 Rd2+ 51. Kg3 Rg2+ 52. Kh4 Be8 53. Bg4 g6 54. Rc5 Kf6 55. Rd5 Rb2 56. Rd6+ Kg7 57. Bd7 Bxd7 58. Rxd7+ Kf6 59. Kg4 h5+ 60. Kf3 Rb3+ 61. Kg2 Rxb4 62. Rd5 Rb3 63. h4 b4 64. Rb5 Ke6 65. Rg5 Kf6 66. Rb5 Rb1 67. Kf3 b3 68. Kg2 Ke6 69. Rg5 Rc1 70. Rxg6+ Kf5 71. Rb6 Rc2+ 72. Kf3 Rc3+ 73. Kf2 Kxf4 74. Rb4+ Kf5 75. Ke2 Rh3 76. Kd2 b2 77. Kc2 Rh2+ 78. Kc3 Rf2 79. Kd3 Rg2 80. Kc3 Rh2 81. Kd3 Rxh4 82. Rxb2 Rh3+ 83. Kd4 Ra3 84. Rf2+ Kg4 85. Ke4 Kg3 86. Rf8 h4 87. Rg8+ Kf2 88. Rf8+ Kg2 89. Rg8+ Rg3 90. Ra8 Rf3 91. Rg8+ Kf2 92. Ra8 h3 93. Ra7 Kg2 94. Rh7 Rg3 0-1

[Event "Grand Hotel Bali - Torneo delle stelle"]
[Site "Benidorm SPA"]
[Date "2007.12.09"]
[Round "9.3"]
[White "Jobava, Baadur"]
[Black "Tkachiev, Vladislav"]
[Result "1/2-1/2"]
[WhiteElo "2644"]
[BlackElo "2661"]
[PlyCount "56"]
[EventDate "2007.12.07"]
[Source "www.chesslib.no"]
[SourceDate "2004.05.04"]

1. c4 Nf6 2. Nc3 e5 3. Nf3 Nc6 4. g3 Bb4 5. Bg2 O-O 6. O-O Bxc3 7. dxc3 h6 8. Ne1 d6 9. Nc2 Be6 10. Ne3 Qd7 11. Re1 Bh3 12. Bh1 Rab8 13. b3 Ne7 14. a4 a5 15. Nd5 Nfxd5 16. cxd5 f5 17. c4 b6 18. f4 e4 19. Bg2 Bxg2 20. Kxg2 Kf7 21. e3 Ng8 22. Bb2 Nf6 23. h3 Rh8 24. Bxf6 Kxf6 25. Qd4+ Kf7 26. Kf2 h5 27. h4 Ra8 28. Rad1 Rhe8 1/2-1/2

[Event "Biel"]
[Site "Biel"]
[Date "1990.??.??"]
[Round "10"]
[White "Lautier, Joel"]
[Black "Karpov, Anatoly"]
[Result "1/2-1/2"]
[WhiteElo "2570"]
[BlackElo "2730"]
[PlyCount "93"]
[EventDate "1990.07.??"]
[Source "ChessBase"]

1. c4 Nf6 2. Nc3 e5 3. g3 Bb4 4. Bg2 O-O 5. Nf3 Re8 6. O-O e4 7. Nd4 Nc6 8. Nc2 Bxc3 9. dxc3 h6 10. Ne3 d6 11. f4 exf3 12. exf3 Bd7 13. h3 Ne7 14. Qc2 d5 15. cxd5 Nexd5 16. Qf2 Qc8 17. Kh2 b6 18. c4 Nxe3 19. Bxe3 c5 20. Rad1 Re6 21. Bd2 Bc6 22. Bc3 Qb7 23. Rfe1 Rae8 24. Rxe6 Rxe6 25. Re1 Rxe1 26. Bxe1 Nh7 27. h4 Nf8 28. Bc3 Ne6 29. Kg1 a6 30. Qe3 b5 31. Bh3 b4 32. Be5 Bxf3 33. Bxe6 fxe6 34. Bd6 Bg4 35. Bxc5 Qc6 36. Kh2 a5 37. b3 Bf5 38. Bd4 Qe4 39. Qxe4 Bxe4 40. Bb6 Bb1 41. c5 Kf7 42. Bxa5 Ke8 43. c6 Bxa2 44. Bxb4 Bxb3 45. Bf8 h5 46. g4 g6 47. gxh5 1/2-1/2

[Event "Sarajevo 72/30"]
[Site "?"]
[Date "1998.??.??"]
[Round "?"]
[White "Georgiev, Kiril"]
[Black "Kortschnoj, Viktor"]
[Result "1-0"]
[WhiteElo "2675"]
[BlackElo "2625"]
[PlyCount "107"]
[EventDate "1998.??.??"]
[Source "ChessBase"]
[SourceDate "1998.02.01"]

1. c4 Nf6 2. Nc3 e5 3. Nf3 Nc6 4. g3 d5 5. cxd5 Nxd5 6. Bg2 Nb6 7. O-O Be7 8. a3 f5 9. d3 Bf6 10. e4 O-O 11. b4 a6 12. Be3 Nd4 13. Rc1 Kh8 14. Ne2 fxe4 15. dxe4 Bg4 16. Bxd4 exd4 17. e5 Bxf3 18. Bxf3 Bg5 19. Bxb7 d3 20. Nf4 Bxf4 21. gxf4 Rb8 22. Bxa6 Rxf4 23. Qxd3 Qg5+ 24. Kh1 Qxe5 25. Rc5 Qe7 26. Rh5 h6 27. Rf5 Rd8 28. Qe3 Re4 29. Qf3 Nc4 30. Rf7 Qe6 31. Rf8+ Rxf8 32. Qxf8+ Qg8 33. Qxg8+ Kxg8 34. Ra1 Kf8 35. Bb7 Rf4 36. a4 Nd6 37. a5 Rxb4 38. a6 Rxb7 39. axb7 Nxb7 40. Ra7 Nc5 41. Rxc7 Ne6 42. Ra7 Nf4 43. Kg1 Kg8 44. Kf1 Kh7 45. Ke1 Kg6 46. Kd2 Nd5 47. Ke2 Nf6 48. Kf3 Nh5 49. Kg4 Nf6+ 50. Kf4 Nh5+ 51. Ke5 Nf6 52. Ra6 Kf7 53. Rxf6+ gxf6+ 54. Kf5 1-0

[Event "FRA-chT"]
[Site "Gonfreville"]
[Date "1999.??.??"]
[Round "?"]
[White "Gurevich, Mikhail"]
[Black "Sadler, Matthew"]
[Result "1/2-1/2"]
[WhiteElo "2629"]
[BlackElo "2668"]
[PlyCount "73"]
[EventDate "1999.??.??"]
[Source "ChessBase"]
[SourceDate "1999.06.08"]

1. c4 e5 2. Nc3 Nc6 3. Nf3 Nf6 4. g3 Bc5 5. Bg2 d6 6. d3 O-O 7. O-O h6 8. a3 a5 9. e3 Bb6 10. Rb1 Be6 11. Qc2 Qd7 12. b4 axb4 13. axb4 Ne7 14. Bb2 Ng6 15. Ra1 Bh3 16. Rxa8 Rxa8 17. Ra1 Re8 18. Bh1 c6 19. b5 Ng4 20. bxc6 bxc6 21. Bc1 f5 22. Ra6 Qb7 23. Qa2 Kh8 24. c5 Bxc5 25. Ng5 hxg5 26. Bxc6 Qb4 27. Bd2 Rb8 28. Nb5 Qxb5 29. Bxb5 Rxb5 30. Ra5 Rb6 31. Ra6 Rb7 32. Ra8+ Kh7 33. Qg8+ Kh6 34. Rb8 Ra7 35. Ra8 Rb7 36. Rb8 Ra7 37. Ra8 1/2-1/2

[Event "Ubeda"]
[Site "Ubeda"]
[Date "1997.??.??"]
[Round "3"]
[White "Timman, Jan H"]
[Black "Bareev, Evgeny"]
[Result "1/2-1/2"]
[WhiteElo "2630"]
[BlackElo "2665"]
[PlyCount "60"]
[EventDate "1997.02.??"]
[Source "ChessBase"]

1. c4 Nf6 2. Nc3 e5 3. Nf3 Nc6 4. g3 d5 5. cxd5 Nxd5 6. Bg2 Nb6 7. a3 Be7 8. b4 O-O 9. O-O Be6 10. Rb1 f6 11. d3 Nd4 12. Be3 Nxf3+ 13. Bxf3 c6 14. Bc5 Nd5 15. Nxd5 cxd5 16. Qb3 Re8 17. Rfc1 Qd7 18. b5 Bxc5 19. Rxc5 Rac8 20. Rbc1 e4 21. dxe4 Rxc5 22. Rxc5 dxe4 23. Bg4 Bxb3 24. Bxd7 Re7 25. Bg4 b6 26. Rc8+ Kf7 27. e3 Kg6 28. Kf1 Ba4 29. Be2 Re5 30. Rc7 Bxb5 1/2-1/2

[Event "Moscow RUS"]
[Site "?"]
[Date "2005.02.20"]
[Round "6"]
[White "Bologan Viktor"]
[Black "Volkov Sergey"]
[Result "1/2-1/2"]
[WhiteElo "2683"]
[BlackElo "2612"]
[PlyCount "180"]
[EventDate "2005.??.??"]
[Source "www.chesslib.no"]
[SourceDate "2004.05.04"]

1. c4 Nf6 2. Nc3 e5 3. Nf3 Nc6 4. g3 Bc5 5. Bg2 d6 6. d3 h6 7. O-O a6 8. a3 O-O 9. b4 Ba7 10. e3 Be6 11. Bb2 Qd7 12. Rc1 Rac8 13. Re1 Rfe8 14. Nd2 d5 15. cxd5 Nxd5 16. Na4 Bh3 17. Ne4 Bxg2 18. Kxg2 b6 19. Qb3 Re6 20. Nd2 Rce8 21. Nf3 Rd6 22. Nc3 Nxc3 23. Rxc3 b5 24. Rec1 Bb6 25. a4 e4 26. dxe4 Rxe4 27. axb5 axb5 28. Qc2 Ree6 29. Ra3 Re8 30. Rca1 Qe6 31. Ra8 Rdd8 32. Rxd8 Rxd8 33. Bc3 Ne7 34. Bd4 Nd5 35. Bxb6 Qxb6 36. Rd1 Rd6 37. Rd4 Ne7 38. Qe4 Nc6 39. Qe8+ Kh7 40. Rxd6 cxd6 41. Qxf7 Nxb4 42. Nd4 Qc5 43. Ne6 Qc3 44. Nf8+ Kh8 45. Ng6+ Kh7 46. Ne7 Qc4 47. Qg6+ Kh8 48. Nf5 Qc6+ 49. f3 Qc3 50. Qe8+ Kh7 51. Ne7 Qc4 52. Qg6+ Kh8 53. Qxd6 Nd3 54. g4 b4 55. Kg3 Ne1 56. Ng6+ Kh7 57. Nf8+ Kg8 58. Ne6 Qc3 59. Qd8+ Kh7 60. Nf8+ Kg8 61. Ne6+ Kh7 62. Qd4 Kg8 63. h4 Nd3 64. Qxc3 bxc3 65. Nd4 Kf7 66. f4 Nb4 67. Ne2 c2 68. Nc1 g5 69. hxg5 hxg5 70. Kf3 Nd5 71. Ke4 Ke6 72. fxg5 Nb4 73. Nb3 Kf7 74. Kf5 Nd3 75. e4 c1=Q 76. Nxc1 Nxc1 77. e5 Ne2 78. e6+ Kg7 79. Ke5 Nc3 80. Kd6 Kf8 81. g6 Ne4+ 82. Ke5 Nc5 83. g5 Nb7 84. Kd5 Na5 85. Kc5 Nb3+ 86. Kd5 Na5 87. Kd6 Nc4+ 88. Kc7 Ne3 89. Kd8 Nf5 90. Kd7 Kg7 1/2-1/2